• 首页
  • 本馆介绍
  • 公告通知
  • 最新文献
  • 馆藏检索
  • 电子资源
  • 读者导购
  • 参考咨询
  • 我的图书馆
  • 登录
  • 详细信息显示
  • 放入我的书架
  • 预约/预借图书
  • 作者相关作品
  • 分类相关作品
  • 丛书相关作品
  • 出版社相关作品

书目信息

  • 表格格式
  • 工作单格式
  • 卡片格式
题名:
光疗与疼痛
    
 
作者: 朱平 主编
分册:  
出版信息: 北京   中国科学技术出版社  2022
页数: 296页
开本: 21cm
丛书名:
单 册:
中图分类: R454.2 , R454
科图分类:
主题词: 光疗法
电子资源:
ISBN: 978-7-5046-9713-4
000 00939nam0 2200241 450
001 2346091828
005 20231223132028.33
010    @a978-7-5046-9713-4@dCNY35.00
100    @a20221129d2022 em y0chiy50 ea
101 0  @achi
102    @aCN@b110000
105    @aak z 000yy
200 1  @a光疗与疼痛@Aguang liao yu teng tong@f主编朱平
210    @a北京@c中国科学技术出版社@d2022
215    @a296页@c图@d21cm
314    @a朱平, 中国著名激光医学和物理学专家, 中国生物学工程学会血疗分会副主任。
330    @a本书分为基础篇和临床篇。基础篇系统介绍了光疗技术的概论, 对光疗技术的产生、发展, 以及光疗设备的结构和作用机制都进行了详细的介绍。临床篇主要描述了光疗技术在运动系统疾病、外科疾病、内科疾病、皮肤科疾病、妇产科疾病、眼科疾病和口腔科疾病中的国内外应用案例和临床经验。
606 0  @a光疗法
690    @aR454.2@v5
690    @aR454@v4
701  0 @a朱平@Azhu ping@4主编
801  0 @aCN@b湖北三新@c20221129
905    @aZUCC@dR454@e5
    
    光疗与疼痛/主编朱平.-北京:中国科学技术出版社,2022
    296页:图;21cm
    
    
    ISBN 978-7-5046-9713-4:CNY35.00
    本书分为基础篇和临床篇。基础篇系统介绍了光疗技术的概论, 对光疗技术的产生、发展, 以及光疗设备的结构和作用机制都进行了详细的介绍。临床篇主要描述了光疗技术在运动系统疾病、外科疾病、内科疾病、皮肤科疾病、妇产科疾病、眼科疾病和口腔科疾病中的国内外应用案例和临床经验。
●
相关链接 在五车中查询图书 在当当中查询图书 在豆瓣中查询图书


正题名:光疗与疼痛     索取号:R454/5         预约/预借

序号 登录号 条形码 馆藏地/架位号 状态 备注
1 2001307664   2001307664   安徽(三新转)/安徽时代(第一批)/891/ [索取号:R454/5] 在馆    
2 2001307665   2001307665   安徽(三新转)/安徽时代(第一批)/891/ [索取号:R454/5] 在馆    
3 2001307666   2001307666   安徽(三新转)/安徽时代(第一批)/891/ [索取号:R454/5] 在馆    
4 2001307667   2001307667   安徽(三新转)/安徽时代(第一批)/891/ [索取号:R454/5] 在馆    
5 2001307668   2001307668   安徽(三新转)/安徽时代(第一批)/891/ [索取号:R454/5] 在馆    
6 2001307669   2001307669   安徽(三新转)/安徽时代(第一批)/891/ [索取号:R454/5] 在馆    
7 2001307670   2001307670   三新/湖北三新(第三批)/891/ [索取号:R454/5] 在馆    
8 2001307671   2001307671   三新/湖北三新(第三批)/891/ [索取号:R454/5] 在馆    
9 2001307672   2001307672   三新/湖北三新(第三批)/892/ [索取号:R454/5] 在馆    
10 2001307673   2001307673   三新/湖北三新(第三批)/892/ [索取号:R454/5] 在馆    
11 2001307674   2001307674   三新/湖北三新(第三批)/892/ [索取号:R454/5] 在馆    
12 2001307675   2001307675   三新/湖北三新(第三批)/892/ [索取号:R454/5] 在馆    
13 2001307676   2001307676   三新/湖北三新(第三批)/892/ [索取号:R454/5] 在馆    
14 2001307677   2001307677   三新/湖北三新(第三批)/892/ [索取号:R454/5] 在馆    
15 2001307678   2001307678   三新/湖北三新(第三批)/892/ [索取号:R454/5] 在馆    
16 2001307679   2001307679   三新/湖北三新(第三批)/892/ [索取号:R454/5] 在馆    
17 2001307680   2001307680   三新/湖北三新(第三批)/892/ [索取号:R454/5] 在馆    
18 2001307681   2001307681   三新/湖北三新(第三批)/892/ [索取号:R454/5] 在馆    
19 2001307682   2001307682   三新/湖北三新(第三批)/892/ [索取号:R454/5] 在馆    
20 2001307683   2001307683   三新/湖北三新(第三批)/892/ [索取号:R454/5] 在馆    
21 2001307684   2001307684   三新/湖北三新(第三批)/892/ [索取号:R454/5] 在馆    
22 2001307685   2001307685   三新/湖北三新(第三批)/892/ [索取号:R454/5] 在馆    
23 2001307686   2001307686   三新/湖北三新(第三批)/892/ [索取号:R454/5] 在馆    
24 2001307687   2001307687   三新/湖北三新(第三批)/892/ [索取号:R454/5] 在馆    
25 2001307688   2001307688   三新/湖北三新(第三批)/892/ [索取号:R454/5] 在馆    
26 2001307689   2001307689   三新/湖北三新(第三批)/892/ [索取号:R454/5] 在馆    
27 2001307690   2001307690   三新/湖北三新(第三批)/892/ [索取号:R454/5] 在馆    
28 2001307691   2001307691   三新/湖北三新(第三批)/892/ [索取号:R454/5] 在馆    
29 2001307692   2001307692   三新/湖北三新(第三批)/892/ [索取号:R454/5] 在馆    
30 2001307693   2001307693   三新/湖北三新(第三批)/892/ [索取号:R454/5] 在馆    
山东省滨州职业学院图书馆 欢迎您!
大连网信软件有限公司© 版权所有